[Event "CRO-chT U16"]
[Site "Crikvenica"]
[Date "2021.12.21"]
[Round "7.3"]
[White "Sergo, Jordan"]
[Black "Borzan, Matej"]
[Result "1-0"]
[WhiteElo "1559"]
[BlackElo "1661"]
[PlyCount "66"]
[EventDate "2021.12.18"]
[EventType "team-tourn"]
[EventRounds "7"]
[EventCountry "CRO"]
[SourceTitle "CBM 206 Extra"]
[Source "ChessBase"]
[SourceDate "2022.03.31"]
[SourceVersion "1"]
[SourceVersionDate "2022.03.31"]
[SourceQuality "1"]
[WhiteTeam "Rijeka"]
[BlackTeam "Strigova Stridon"]
[WhiteTeamCountry "CRO"]
[BlackTeamCountry "CRO"]

1. e4 c5 2. Nf3 d6 3. d4 cxd4 4. Nxd4 Nf6 5. Nc3 g6 6. Be3 Bg7 7. f3 Nc6 8. Bc4 Bd7 9. Bb3 0-0 10. Qd2 Rc8 11. 0-0-0 a6 12. Nxc6 Bxc6 13. h4 h5 14. g4 hxg4 15. h5 gxh5 16. fxg4 Nxe4 17. Nxe4 Bxe4 18. Rxh5 Bg6 19. Bh6 e6 20. Bxg7 Kxg7 21. Qh6+ Kf6 22. Rh2 Ke7 23. Qg5+ Ke8 24. Qf4 Rc6 25. c3 Qc7 26. Qe3 Kd7 27. Re2 Re8 28. Red2 Kc8 29. Bc2 Rg8 30. Bb3 d5 31. g5 b5 32. Rd4 Qe7 33. Rxd5 Bf5 1-0

[Event "CRO-chT U16"]
[Site "Crikvenica"]
[Date "2021.12.19"]
[Round "4.3"]
[White "Poljak, Stipe"]
[Black "Sergo, Jordan"]
[Result "1/2-1/2"]
[WhiteElo "1645"]
[BlackElo "1559"]
[PlyCount "34"]
[EventDate "2021.12.18"]
[EventType "team-tourn"]
[EventRounds "7"]
[EventCountry "CRO"]
[SourceTitle "CBM 206 Extra"]
[Source "ChessBase"]
[SourceDate "2022.03.31"]
[SourceVersion "1"]
[SourceVersionDate "2022.03.31"]
[SourceQuality "1"]
[WhiteTeam "Kastel Novi Sedlar"]
[BlackTeam "Rijeka"]
[WhiteTeamCountry "CRO"]
[BlackTeamCountry "CRO"]

1. d4 Nf6 2. c4 g6 3. Nc3 Bg7 4. e4 d6 5. h3 0-0 6. Be3 e5 7. d5 a5 8. Nge2 Na6 9. g4 Nd7 10. Ng3 Ndc5 11. Qd2 Nb4 12. Be2 Bd7 13. 0-0-0 Nxa2+ 14. Kb1 Nxc3+ 15. Qxc3 b6 16. h4 f6 17. h5 Qe7 1/2-1/2

[Event "CRO-chT2 West"]
[Site "Rijeka"]
[Date "2020.10.25"]
[Round "8.6"]
[White "Sergo, Jordan"]
[Black "Zagorac, Marko"]
[Result "1-0"]
[WhiteElo "1448"]
[BlackElo "1600"]
[PlyCount "97"]
[EventDate "2020.09.12"]
[EventType "team-tourn"]
[EventRounds "9"]
[EventCountry "CRO"]
[SourceTitle "EXT 2022"]
[Source "ChessBase"]
[SourceDate "2021.10.06"]
[SourceVersion "1"]
[SourceVersionDate "2021.10.06"]
[SourceQuality "1"]
[WhiteTeam "Rijeka II"]
[BlackTeam "Drazice Rjecina"]
[WhiteTeamCountry "CRO"]
[BlackTeamCountry "CRO"]

1. e4 e5 2. Nf3 Nc6 3. Bc4 h6 4. c3 d6 5. d4 exd4 6. cxd4 Nf6 7. Nc3 Bg4 8. Be3 Qe7 9. Qc2 a6 10. Bd3 g6 11. h3 Bxf3 12. gxf3 Bg7 13. 0-0-0 Nd7 14. Nd5 Qd8 15. Be2 Nb6 16. Nxb6 cxb6 17. Kb1 Rc8 18. Qb3 b5 19. h4 h5 20. f4 Qe7 21. e5 Na5 22. Qd3 d5 23. f5 Nc4 24. f6 Qb4 25. Qb3 Bf8 26. Qxb4 Bxb4 27. Rc1 Kd7 28. Rhd1 Rc7 29. Bf4 Rc6 30. Bf1 Rd8 31. Bg2 Ke8 32. Rc2 Rdc8 33. Re2 Nb6 34. a3 Bf8 35. Bh3 Rd8 36. Rde1 Bxa3 37. bxa3 Na4 38. Rc2 Nc3+ 39. Kc1 Ne4 40. Rxc6 bxc6 41. f3 Nf2 42. Bf1 b4 43. axb4 Rb8 44. b5 cxb5 45. Kd2 Rc8 46. Be3 Nh1 47. Bh3 Rc4 48. Rxh1 b4 49. Rc1 1-0

[Event "CRO-ch U15"]
[Site "Trogir"]
[Date "2020.08.26"]
[Round "5"]
[White "Sergo, Jordan"]
[Black "Martic, Filip"]
[Result "0-1"]
[WhiteElo "1421"]
[BlackElo "1631"]
[PlyCount "66"]
[EventDate "2020.08.24"]
[EventType "swiss"]
[EventRounds "9"]
[EventCountry "CRO"]
[SourceTitle "CBM 198 Extra"]
[Source "ChessBase"]
[SourceDate "2020.11.30"]
[SourceVersion "1"]
[SourceVersionDate "2020.11.30"]
[SourceQuality "1"]

1. d4 Nf6 2. Bg5 Ne4 3. h4 Nxg5 4. hxg5 e6 5. Nf3 c5 6. c3 cxd4 7. cxd4 Be7 8. g6 fxg6 9. e3 Nc6 10. Bd3 0-0 11. a3 d5 12. Nc3 Bd7 13. Rxh7 Kxh7 14. Ng5+ Kg8 15. Nh7 Rf5 16. g4 Kxh7 17. gxf5 gxf5 18. Qh5+ Kg8 19. 0-0-0 Be8 20. Qh3 Bg6 21. Rh1 Bf6 22. Ne2 Rc8 23. Kb1 Ne7 24. Nf4 Kf7 25. Qg2 Qd6 26. Rg1 Bh7 27. Be2 Ke8 28. Nh5 Bg6 29. Nf4 Bf7 30. f3 a6 31. Nd3 Qb6 32. Nc5 Rxc5 33. dxc5 Qxb2# 0-1

[Event "CRO-ch U15"]
[Site "Trogir"]
[Date "2020.08.26"]
[Round "4"]
[White "Sokec, Karlo"]
[Black "Sergo, Jordan"]
[Result "0-1"]
[WhiteElo "1315"]
[BlackElo "1421"]
[PlyCount "52"]
[EventDate "2020.08.24"]
[EventType "swiss"]
[EventRounds "9"]
[EventCountry "CRO"]
[SourceTitle "CBM 198 Extra"]
[Source "ChessBase"]
[SourceDate "2020.11.30"]
[SourceVersion "1"]
[SourceVersionDate "2020.11.30"]
[SourceQuality "1"]

1. d4 g6 2. Nf3 Bg7 3. Bf4 d6 4. e3 Nd7 5. h3 e5 6. Bh2 Nh6 7. Nbd2 0-0 8. Be2 exd4 9. exd4 b6 10. 0-0 Bb7 11. c3 Re8 12. Re1 Nf5 13. Qc2 Bh6 14. Bd3 Rxe1+ 15. Rxe1 Ng7 16. Be4 d5 17. Bd3 Ne6 18. Ne5 c5 19. Nxd7 Qxd7 20. Nf3 Re8 21. Ne5 Qc8 22. Qa4 a6 23. Qd7 Ng5 24. h4 Qxd7 25. Nxd7 Rxe1+ 26. Bf1 Ne4 0-1